000 00322nam a2200109 4500
008 180223b xxu||||| |||| 00| 0 eng d
245 _aDigong seeks business' help vs corruption.
260 _aPhilippines
_bPhilippine Daily Inquirer
_cc2016
300 _apage A13.
650 0 _926731
_aEconomic conditions.
942 _2ddc
_cPER
999 _c8793
_d8793